Central Library OPAC University of Rajshahi

Proceedings of the ... International Congress of Biochemistry / (Record no. 72686)

MARC details
000 -LEADER
fixed length control field 00993nas a2200289 a 4500
001 - CONTROL NUMBER
control field 72686
003 - CONTROL NUMBER IDENTIFIER
rucl marc code BD-RjUL
005 - DATE AND TIME OF LATEST TRANSACTION
control field 20211209082310.0
008 - FIXED-LENGTH DATA ELEMENTS--GENERAL INFORMATION
fixed length control field 170522u19uuuuuunyuhr 1 a0eng c
035 ## - SYSTEM CONTROL NUMBER
System control number (BD-RjUL)72904
040 ## - CATALOGING SOURCE
Original cataloging agency MUL
Language of cataloging eng
Transcribing agency MUL
Modifying agency BD-RjUL
041 0# - LANGUAGE CODE
Language code of text/sound track or separate title eng
-- fre
-- ger
082 00 - DEWEY DECIMAL CLASSIFICATION NUMBER
Classification number 572
Edition number 23
Author mark and year PRO 1959
245 10 - TITLE STATEMENT
Title Proceedings of the ... International Congress of Biochemistry /
Statement of responsibility, etc. International Congress of Biochemistry.
260 ## - PUBLICATION, DISTRIBUTION, ETC. (IMPRINT)
Place of publication, distribution, etc. New York, N.Y. :
Name of publisher, distributor, etc. Academic Press,
Date of publication, distribution, etc. c1959
300 ## - PHYSICAL DESCRIPTION
Pagination v :
Illustrations ill. ;
Size 29 cm.
490 1# - SERIES STATEMENT
Series statement I.U.B. symposium series
500 ## - GENERAL NOTE
General note Each volume has also a distinctive title.
General note Imprint varies.
515 ## - NUMBERING PECULIARITIES NOTE
Numbering peculiarities note Issued in multiple volumes.
650 #0 - SUBJECT ADDED ENTRY--TOPICAL TERM
Topical term or geographic name as entry element Biochemistry
Form subdivision Congresses.
9 (RLIN) 215017
Topical term or geographic name as entry element Biochemistry.
Source of heading or term fast
9 (RLIN) 215018
711 ## - ADDED ENTRY--MEETING NAME
Meeting name or jurisdiction name as entry element International Congress of Biochemistry.
9 (RLIN) 215019
830 #0 - SERIES ADDED ENTRY--UNIFORM TITLE
Uniform title I.U.B. symposium series.
942 ## - ADDED ENTRY ELEMENTS (KOHA)
Source of classification or shelving scheme Dewey Decimal Classification
Koha item type Books
Holdings
Lost status Source of classification or shelving scheme Damaged status Not for loan Collection code Permanent Location Current Location Shelving location Date acquired Source of acquisition Cost, normal purchase price Total Checkouts Full call number Date last seen Copy number Koha item type
  Dewey Decimal Classification   Not For Loan Non-fiction Central Library, University of Rajshahi Central Library, University of Rajshahi Reading Room 04/07/1964 Zeithlinger. 70.00   572 PRO 1959 22/05/2017 C-1 Books